000 01049nas a2200277 4500
001 BR9000981
003 BR-BrBNA
005 20231205091820.0
007 ta
008 230509b bl.|||p| |||| 00| 00por d
040 _aBR-BrBNA
_bpor
_cBiblioteca Nacional de Agricultura
041 _a(Pt)
072 _aF60; F61
100 1 _aMiele, A.
245 1 _aInfluencia do sistema de conducao na evolucao dos acucares redutores e da acidez total durante a maturacao da uva: relacao com area foliar, radiacao solar e fotossintese
246 1 _aEffects of the training system on reducing sugar and total acidity evolution during grape ripening: relation with leaf area, solar radiation and photosynthesis
650 _aUVA
650 _aACUCAR REDUTOR
650 _aACIDEZ
650 _aMATURACAO
650 _aRADIACAO SOLAR
650 _aFOTOSSINTESE
773 0 _tRevista Brasileira de Fisiologia Vegetal (Brazil)
_xISSN 0103-3131
_g(1989), v. 1(1) p. 31-40
_wBR9000981
909 _a202311
_bLúcia
_c55
_dLúcia Elande
942 _2AGRIS
_n0
_cANA
999 _c127538
_d127538